Caleidoscopio del exilio : (Record no. 198209)
[ view plain ]
| 000 -LEADER | |
|---|---|
| campo de control de longitud fija | 01290nam a2200349 i 4500 |
| 001 - NÚMERO DE CONTROL | |
| campo de control | 198209 |
| 003 - IDENTIFICADOR DE NÚMERO DE CONTROL | |
| campo de control | ES-MaACL |
| 005 - FECHA Y HORA DE LA ÚLTIMA TRANSACCIÓN | |
| campo de control | 20260526162456.0 |
| 007 - CAMPO FIJO DE DESCRIPCIÓN FÍSICA--INFORMACIÓN GENERAL | |
| campo de control de longitud fija | ta |
| 008 - DATOS DE LONGITUD FIJA--INFORMACIÓN GENERAL | |
| campo de control de longitud fija | 260408s2009 mx a|||| |||| 001 0 spa d |
| 020 ## - NÚMERO INTERNACIONAL ESTÁNDAR DEL LIBRO | |
| Número Internacional Estándar del Libro | 978-607-462-030-6 |
| 040 ## - FUENTE DE CATALOGACIÓN | |
| Centro catalogador/agencia de origen | ES-MaACL |
| Lengua de catalogación | spa |
| Centro/agencia transcriptor | ES-MaACL |
| Normas de descripción | rda |
| 044 ## - CÓDIGO DEL PAÍS DE LA ENTIDAD EDITORA/PRODUCTORA | |
| Código MARC del país | mx |
| 080 ## - NÚMERO DE LA CLASIFICACIÓN DECIMAL UNIVERSAL | |
| Número de la Clasificación Decimal Universal | 929-054.74(=1:460:720)"1939/75" |
| 100 1# - ENTRADA PRINCIPAL--NOMBRE DE PERSONA | |
| Nombre de persona | Lida, Clara E., |
| Enlace entre campo y número de secuencia | 1941- |
| Relación | aut |
| Término indicativo de función/relación | Autor |
| 9 (RLIN) | 243134 |
| 245 10 - MENCIÓN DEL TÍTULO | |
| Título | Caleidoscopio del exilio : |
| Resto del título | actores, memoria, identidades / |
| Mención de responsabilidad, etc. | Clara E. Lida |
| 250 ## - MENCION DE EDICION | |
| Mención de edición | Primera edición, 2009 |
| 264 ## - PRODUCCIÓN, PUBLICACIÓN, DISTRIBUCIÓN, FABRICACIÓN Y COPYRIGHT | |
| Producción, publicación, distribución, fabricación y copyright | México D.F. : |
| Nombre del de productor, editor, distribuidor, fabricante | El Colegio de México, |
| Fecha de producción, publicación, distribución, fabricación o copyright | 2009 |
| 300 ## - DESCRIPCIÓN FÍSICA | |
| Extensión | 180 páginas : |
| Otras características físicas | gráficas (blanco y negro) ; |
| Dimensiones | 22 cm |
| 336 ## - TIPO DE CONTENIDO | |
| Fuente | rdacontent |
| Término de tipo de contenido | Texto |
| 337 ## - TIPO DE MEDIO | |
| Fuente | rdamedia |
| Nombre/término del tipo de medio | sin mediación |
| 338 ## - TIPO DE SOPORTE | |
| Fuente | rdacarrier |
| Nombre/término del tipo de soporte | volumen |
| 490 0# - MENCIÓN DE SERIE | |
| Mención de serie | Centro de Estudios Históricos |
| 500 ## - NOTA GENERAL | |
| Nota general | Registro provisional |
| 500 ## - NOTA GENERAL | |
| Nota general | Dedicatoria "Para Manolo Guedán, con la amistad y afecto de Clara E. Lida" (portada) |
| 504 ## - NOTA DE BIBLIOGRAFÍA, ETC. | |
| Nota de bibliografía, etc. | Bibliografía: páginas 167-180. Índice |
| 650 #0 - PUNTO DE ACCESO ADICIONAL DE MATERIA--TÉRMINO DE MATERIA | |
| Término de materia o nombre geográfico como elemento de entrada | Exiliados españoles- |
| Subdivisión geográfica | México- |
| Subdivisión cronológica | 1939-1975 |
| 9 (RLIN) | 237679 |
| 852 ## - LOCALIZACIÓN | |
| Ubicación | ES-MaACL |
| Ubicación en estantería | Despachos-biblioteca |
| Número de control de estantería | DB-104 |
| Donativo/Legado | Donación: Manuel Guedán |
| Encuadernación | Encuadernación rústica con solapas |
| 942 ## - ELEMENTOS DE ENTRADA SECUNDARIOS (KOHA) | |
| Tipo de ítem Koha | Libro impreso |
| Suprimir en OPAC | No |
| Estatus retirado | Estado de pérdida | Fuente del sistema de clasificación o colocación | Estado de daño | No para préstamo | Colección | Biblioteca de origen | Biblioteca actual | Ubicación en estantería | Fecha de adquisición | Fuente de adquisición | Total de préstamos | Signatura topográfica completa | Código de barras | Visto por última vez | Precio de reemplazo | Tipo de ítem Koha |
|---|---|---|---|---|---|---|---|---|---|---|---|---|---|---|---|---|
| Clasificación decimal universal | Libros con dedicatorias | Biblioteca del Ateneo de Madrid | Biblioteca del Ateneo de Madrid | Despachos-biblioteca | 20/03/2026 | Donación | DB-104 | 2026-0186 | 08/04/2026 | 08/04/2026 | Libro impreso |
